| 000 | 00632nam a2200253 a 4500 | ||
|---|---|---|---|
| 001 | 14306 | ||
| 003 | BD-JhCC | ||
| 005 | 20250302130705.0 | ||
| 008 | 250302b19842018e a|||| ||a| 001 0 eng d | ||
| 020 | _a9780241339565 | ||
| 035 | _a(BD-JhCC)14306 | ||
| 040 |
_aBD-JhCC _dBD-JhCC |
||
| 041 | _aenglish | ||
| 082 |
_a150 _bORW 2018 |
||
| 100 | _aOrwell, George | ||
| 245 |
_aNotes on Nationalism / _cGeorge Orwell. |
||
| 260 |
_aNew York: _bPenguin Books; _c2018. |
||
| 300 |
_a51 p. : _c16 cm. |
||
| 490 | _aPenguin Modern: 07 | ||
| 500 | _aPenguin Modern: 07 | ||
| 650 | _a Psychology | ||
| 942 |
_2ddc _cBK |
||
| 999 |
_c14306 _d14306 |
||